Lieux des Jeux panaméricains depuis 1951 - Statistiques

Statistiques générales
  • Ce quiz a été pris 9 fois
  • Le résultat moyen est 19 sur 21
Statistiques - réponses
Année Pays % Correct
Eté 1951 Argentine
100%
Eté 1995 Argentine
100%
Hiver 1990 Argentine
100%
Eté 1963 Brésil
100%
Eté 2007 Brésil
100%
Eté 1967 Canada
100%
Eté 1999 Canada
100%
Eté 2015 Canada
100%
Eté 2023 Chili
100%
Eté 1971 Colombie
100%
Eté 1959 Etats-Unis
100%
Eté 1987 Etats-Unis
100%
Eté 1955 Mexique
100%
Eté 1975 Mexique
100%
Eté 2011 Mexique
100%
Eté 1991 Cuba
88%
Eté 2019 Pérou
88%
Eté 2027 Pérou
88%
Eté 2003 République dominicaine
63%
Eté 1983 Venezuela
63%
Eté 1979 Porto Rico
50%
Aucun quiz correspondant
Distribution des résultats
% des personnes avec chaque résultat
Percentile par nombre de réponses
Votre historique - résultats
Vous n’avez pas pris ce quiz